International A/AS level Physics/ (Record no. 126289)

MARC details
000 -LEADER
fixed length control field 00630nam a2200229 a 4500
008 - FIXED-LENGTH DATA ELEMENTS--GENERAL INFORMATION
fixed length control field
020 ## - INTERNATIONAL STANDARD BOOK NUMBER
International Standard Book Number 9780340945643 (pbk.)
049 ## - LOCAL HOLDINGS (OCLC)
Holding library MAIN
090 ## - LOCALLY ASSIGNED LC-TYPE CALL NUMBER (OCLC); LOCAL CALL NUMBER (RLIN)
Classification number (OCLC) (R) ; Classification number, CALL (RLIN) (NR) QC23
Local cutter number (OCLC) ; Book number/undivided call number, CALL (RLIN) MEE
003 - CONTROL NUMBER IDENTIFIER
control field
005 - DATE AND TIME OF LATEST TRANSACTION
control field 20230123122018.0
040 ## - CATALOGING SOURCE
Transcribing agency NUST
100 1# - MAIN ENTRY--PERSONAL NAME
Personal name Mee, Chris.
245 10 - TITLE STATEMENT
Title International A/AS level Physics/
Statement of responsibility, etc. Chris, Mee . . . [et al. ]
260 ## - PUBLICATION, DISTRIBUTION, ETC.
Place of publication, distribution, etc. London :
Name of publisher, distributor, etc. Hodder Education;
Date of publication, distribution, etc. 2008.
300 ## - PHYSICAL DESCRIPTION
Extent iv, 468 p. :
Other physical details ill. ;
Dimensions 28cm.
500 ## - GENERAL NOTE
General note lncludes index.
650 #1 - SUBJECT ADDED ENTRY--TOPICAL TERM
Topical term or geographic name entry element Physics.
700 ## - ADDED ENTRY--PERSONAL NAME
Personal name Crundell, Mike.
907 ## - LOCAL DATA ELEMENT G, LDG (RLIN)
a .b10333101
b 16-07-13
c 12-06-13
942 ## - ADDED ENTRY ELEMENTS (KOHA)
Koha item type Ordinary Loan Books
Call number prefix QC23
Call number suffix MEE
Holdings
Date last seen Total Checkouts Full call number Barcode Cost, replacement price Price effective from Koha item type Lost status Source of classification or shelving scheme Damaged status Not for loan Collection Withdrawn status Home library Current library Shelving location Date acquired Cost, normal purchase price
01/23/2023 40 QC23 MEE 92004033464 80.00 01/23/2023 BOOKS   LCC     NFIC   MAIN MAIN GEN 01/23/2023 80.00